Goldene Suaheli, (Record no. 6222)

MARC details
000 -LEADER
fixed length control field 00502cam a22001931 4500
001 - CONTROL NUMBER
control field af 48004810
003 - CONTROL NUMBER IDENTIFIER
control field DLC
005 - DATE AND TIME OF LATEST TRANSACTION
control field 20260227110910.0
008 - FIXED-LENGTH DATA ELEMENTS--GENERAL INFORMATION
fixed length control field 890403s1946 gw 000 1 ger c
010 ## - LIBRARY OF CONGRESS CONTROL NUMBER
LC control number af 48004810
035 ## - SYSTEM CONTROL NUMBER
System control number (OCoLC)19488988
040 ## - CATALOGING SOURCE
Original cataloging agency Yale Univ. Library
Transcribing agency CU
Modifying agency DLC
042 ## - AUTHENTICATION CODE
Authentication code premarc
050 00 - LIBRARY OF CONGRESS CALL NUMBER
Classification number PT2613.U215
Item number G6
100 1# - MAIN ENTRY--PERSONAL NAME
Personal name Güldenstein, W. P.
245 10 - TITLE STATEMENT
Title Goldene Suaheli,
Remainder of title Kriminalroman.
260 ## - PUBLICATION, DISTRIBUTION, ETC.
Place of publication, distribution, etc. Berlin,
Name of publisher, distributor, etc. Pinguin-Verlag
Date of publication, distribution, etc. [c1946]
300 ## - PHYSICAL DESCRIPTION
Extent 141 p.
Dimensions 21 cm.

No items available.

Powered by Koha